000 00896nam a22002417a 4500
999 _c161147
_d161147
005 20190823163335.0
010 _a1819CHEN B-720104-124
020 _a818873120X
_c495.00
035 _aB-720104-124
035 _aB-728659
037 _adpl
_bSmriti Sahitya
082 _aS
100 _aKhatri,Vikas S.
245 _aThe bright pearl and other stories /
_cby Vikas S. Khatri
260 _aDelhi
_bSmriti Sahitya
_c2018
270 _a511/1-E, Gali No.-2, Near Tash Factory, Vishwas Nagar, Shahdara
_bDelhi
_e110032
300 _a191p.:
_bill.
_c22cm(Hb)
490 _aChinese folk tales
500 _aAirport
942 _2ddc
_cCH
_mKHA
_hS